000 00482nam a2200169Ia 4500
008 090201s9999 xx 000 0 und d
010 _aKPL-36631
040 _bमराठी
041 _aमराठी
082 _a27751
_b36631
100 _aआशा बगे
245 _aझुंबर
_cआशा बगे
260 _c2004
_bमॅजेस्टीक बुकस्टॉल
300 _a151
_bमोठा
600 _aझुंबर
942 _cBOOK
999 _c226577
_d226577